| 000 | 00639nam a2200205Ia 4500 | ||
|---|---|---|---|
| 008 | 170504s9999 xx 000 0 und d | ||
| 050 | _aQA 76.5 | ||
| 050 | _b.M188 2016 | ||
| 100 | _aMagallon, Kim D. | ||
| 245 | _aSGEN food division automated inventory system for southville international school affiliated with foreign university / | ||
| 245 | _cKim D. Magallon. | ||
| 260 | _aLas PiƱas, Philippines : | ||
| 260 | _bSISC, | ||
| 260 | _c2016. | ||
| 300 | _a110 pages : | ||
| 300 | _billustrations ; | ||
| 300 | _c28 cm. | ||
| 500 | _aIncludes bibliographical references and appendices. | ||
| 521 | _aInformation Technology | ||
| 999 |
_c329739 _d329739 |
||